MARC details
| 000 -CABECERA |
| campo de control de longitud fija |
01981nam a22003017a 4500 |
| 003 - IDENTIFICADOR DEL NÚMERO DE CONTROL |
| campo de control |
OSt |
| 005 - FECHA Y HORA DE LA ÚLTIMA TRANSACCIÓN |
| campo de control |
20260513175835.0 |
| 008 - DATOS DE LONGITUD FIJA--INFORMACIÓN GENERAL |
| campo de control de longitud fija |
260121b |||||||| |||| 00| 0 eng d |
| 022 ## - NÚMERO INTERNACIONAL NORMALIZADO PARA PUBLICACIONES SERIADAS |
| Número Internacional Normalizado para Publicaciones Seriadas |
1096-4762 |
| 022 ## - NÚMERO INTERNACIONAL NORMALIZADO PARA PUBLICACIONES SERIADAS |
| Número Internacional Normalizado para Publicaciones Seriadas |
1520-6874 |
| 040 ## - FUENTE DE LA CATALOGACIÓN |
| Centro catalogador/agencia de origen |
TBS |
| Lengua de catalogación |
EN |
| Centro/agencia transcriptor |
TBS |
| 041 ## - CÓDIGO DE LENGUA |
| Código de lengua del texto/banda sonora o título independiente |
eng |
| 100 ## - ENTRADA PRINCIPAL--NOMBRE DE PERSONA |
| Nombre de persona |
De Mattos, Claudio |
| 9 (RLIN) |
27053 |
| Término indicativo de función/relación |
author |
| 245 ## - MENCIÓN DE TÍTULO |
| Título |
Negotiating alliances in emerging markets – do partners' contributions matter? |
| Mención de responsabilidad, etc. |
/ Claudio De Mattos, Stuart Sanderson, Pervez Ghauri. |
| 260 ## - PUBLICACIÓN, DISTRIBUCIÓN, ETC. |
| Nombre del editor, distribuidor, etc. |
Thunderbird International Business Review, |
| Fecha de publicación, distribución, etc. |
2002. |
| 300 ## - DESCRIPCIÓN FÍSICA |
| Extensión |
701-728 pages. |
| 362 ## - FECHAS DE PUBLICACIÓN Y/O DESIGNACIÓN SECUENCIAL |
| Fecha de publicación y/o designación secuencial |
Thunderbird international business review, 2002-11, Vol.44 (6), p.701-728 |
| 520 ## - SUMARIO, ETC. |
| Sumario, etc. |
This article explores a “tool” that may be used for the informal phase of negotiations of alliances in emerging markets. Four different partner perspectives of the partners of an alliance are analyzed: how the foreign investor views his own contributions to the venture, how the foreign investor views the local partner's contributions, how the local partner views his own contributions, and how the local partner views the contributions of the proposed foreign investor. Three categories of differences in perception are identified. These four perspectives and three categories are discussed using the appropriate research findings from relevant literature. The article discusses the implications for business negotiations of the identified perceptual conflicts for international business practitioners, researchers, and policy makers. |
| 630 #0 - PUNTO DE ACCESO ADICIONAL DE MATERIA--TÍTULO UNIFORME |
| Título uniforme |
MSc International Business |
| 9 (RLIN) |
26977 |
| 650 #0 - PUNTO DE ACCESO ADICIONAL DE MATERIA--TÉRMINO DE MATERIA |
| Término de materia o nombre geográfico como elemento de entrada |
Strategic alliances (Business) |
| 9 (RLIN) |
5414 |
| 650 #0 - PUNTO DE ACCESO ADICIONAL DE MATERIA--TÉRMINO DE MATERIA |
| Término de materia o nombre geográfico como elemento de entrada |
Emerging Markets/Globalization |
| 9 (RLIN) |
27045 |
| 650 #0 - PUNTO DE ACCESO ADICIONAL DE MATERIA--TÉRMINO DE MATERIA |
| Término de materia o nombre geográfico como elemento de entrada |
Globalization |
| Subdivisión general |
Economic aspects |
| 9 (RLIN) |
7253 |
| 650 #0 - PUNTO DE ACCESO ADICIONAL DE MATERIA--TÉRMINO DE MATERIA |
| Término de materia o nombre geográfico como elemento de entrada |
Foreign economic relations |
| 9 (RLIN) |
27054 |
| 700 ## - ENTRADA AGREGADA--NOMBRE PERSONAL |
| Nombre de persona |
Sanderson, Stuart |
| 9 (RLIN) |
27055 |
| Término indicativo de función/relación |
author |
| 700 ## - ENTRADA AGREGADA--NOMBRE PERSONAL |
| Nombre de persona |
Ghauri, Pervez N. |
| Fechas asociadas al nombre |
1948- |
| 9 (RLIN) |
21139 |
| Término indicativo de función/relación |
author |
| 856 ## - LOCALIZACIÓN Y ACCESO ELECTRÓNICOS |
| Identificador Uniforme del Recurso |
<a href="https://research-ebsco-com.hub.tbs-education.fr/c/q5dvh4/viewer/pdf/wpxhq256tr">https://research-ebsco-com.hub.tbs-education.fr/c/q5dvh4/viewer/pdf/wpxhq256tr</a> |
| 942 ## - ELEMENTOS DE ENTRADA AGREGADA (KOHA) |
| Fuente del sistema de clasificación o colocación |
Clasificación de Library of Congress |